The law on obligations and contracts / (Record no. 355952)
[ view plain ]
| 000 -LEADER | |
|---|---|
| fixed length control field | 00341nam a2200109Ia 4500 |
| 008 - FIXED-LENGTH DATA ELEMENTS--GENERAL INFORMATION | |
| fixed length control field | 180219s9999 xx 000 0 und d |
| 020 ## - INTERNATIONAL STANDARD BOOK NUMBER | |
| International Standard Book Number | 9789712360046 |
| 100 ## - MAIN ENTRY--PERSONAL NAME | |
| Personal name | De Leon, Hector S. |
| 245 ## - TITLE STATEMENT | |
| Statement of responsibility, etc | De Leon, Hector M. Jr, |
| Title | The law on obligations and contracts / |
| 260 ## - PUBLICATION, DISTRIBUTION, ETC. (IMPRINT) | |
| Place of publication, distribution, etc | Recto Avenue City |
| Name of publisher, distributor, etc | REX book store |
| Date of publication, distribution, etc | 2011 |
| 300 ## - PHYSICAL DESCRIPTION | |
| Extent | iii, 465 pages |
| Withdrawn status | Lost status | Damaged status | Home library | Current library | Shelving location | Date acquired | Source of acquisition | Total Checkouts | Total Renewals | Full call number | Barcode | Date last seen | Date checked out | Price effective from | Koha item type |
|---|---|---|---|---|---|---|---|---|---|---|---|---|---|---|---|
| College Library | College Library | Filipiniana Section | 02/19/2018 | 5 | 22 | KPM 810 .D346 2011 | c21225 | 01/16/2020 | 01/09/2020 | 02/19/2018 | Books |